Balancing the heritage documentation triangle (Record no. 77753)

MARC details
000 -LEADER
fixed length control field 00811cab a2200205 4500
001 - CONTROL NUMBER
control field ##L135028
008 - FIXED-LENGTH DATA ELEMENTS--GENERAL INFORMATION
fixed length control field 060920n2006 000 0 eng u
035 ## - SYSTEM CONTROL NUMBER
System control number (Sirsi) u135028
041 0# - LANGUAGE CODE
Language code of text/sound track or separate title eng
100 1# - MAIN ENTRY--PERSONAL NAME
Personal name Blake, Bill
245 00 - TITLE STATEMENT
Title Balancing the heritage documentation triangle
260 ## - PUBLICATION, DISTRIBUTION, ETC.
Date of publication, distribution, etc. 2006
490 #0 - SERIES STATEMENT
Series statement Geomatics World
Volume/sequential designation September/October 2006, 20-22(3)
520 ## - SUMMARY, ETC.
Summary, etc. Discusses the use of surveys in the heritage sector and offers guidance on ensuring that the survey method chosen is appropriate. Also examines revisions to English Heritage's publication "Metric survey specifications for English Heritage".
590 ## - LOCAL NOTE (RLIN)
Local note IKA031006
650 24 - SUBJECT ADDED ENTRY--TOPICAL TERM
Topical term or geographic name entry element METRIC SURVEY SPECIFICATIONS
651 #4 - SUBJECT ADDED ENTRY--GEOGRAPHIC NAME
Geographic name England
Chronological subdivision 886-
690 ## - LOCAL SUBJECT ADDED ENTRY--TOPICAL TERM (OCLC, RLIN)
Topical term or geographic name as entry element ENVIRONMENTAL AND LAND CONSULTANCY-GEOMATICS-SITE SURVEYING
942 ## - ADDED ENTRY ELEMENTS (KOHA)
Suppress in OPAC 0
Holdings
Withdrawn status Lost status Source of classification or shelving scheme Damaged status Not for loan Home library Current library Shelving location Date acquired Total Checkouts Full call number Barcode Date last seen Copy number Price effective from Koha item type
    Dewey Decimal Classification     London London Journal article 20/09/2006   L135028 135028-1001 06/08/2019 1 06/08/2019 Journal article